Math fables : (Record no. 8278)
[ view plain ]
| 000 -LEADER | |
|---|---|
| fixed length control field | 01073nam a22003017a 4500 |
| 001 - CONTROL NUMBER | |
| control field | 8278 |
| 003 - CONTROL NUMBER IDENTIFIER | |
| control field | FISKH |
| 005 - DATE AND TIME OF LATEST TRANSACTION | |
| control field | 20250908104622.0 |
| 008 - FIXED-LENGTH DATA ELEMENTS--GENERAL INFORMATION | |
| fixed length control field | 250908b cb ||||| |||| 00| 0 eng d |
| 020 ## - INTERNATIONAL STANDARD BOOK NUMBER | |
| International Standard Book Number | 9780439678728 |
| 040 ## - CATALOGING SOURCE | |
| Original cataloging agency | FISKH |
| Language of cataloging | eng |
| Transcribing agency | FISKH |
| Modifying agency | FISKH |
| 050 ## - LIBRARY OF CONGRESS CALL NUMBER | |
| Classification number | QA113 .T355 |
| 082 ## - DEWEY DECIMAL CLASSIFICATION NUMBER | |
| Classification number | 513.211 |
| 100 ## - MAIN ENTRY--PERSONAL NAME | |
| Personal name | Tang, Greg |
| 245 ## - TITLE STATEMENT | |
| Title | Math fables : |
| Remainder of title | Lessons that count / |
| Statement of responsibility, etc. | By Greg Tang : illustrated by Heather Cahooon |
| 250 ## - EDITION STATEMENT | |
| Edition statement | First Scholastic paperback , September 2004 |
| 260 ## - PUBLICATION, DISTRIBUTION, ETC. | |
| Place of publication, distribution, etc. | New York : |
| Name of publisher, distributor, etc. | Scholastic, |
| Date of publication, distribution, etc. | 2004. |
| 300 ## - PHYSICAL DESCRIPTION | |
| Extent | 40 unnumbered pages : |
| Other physical details | color illustrations ; |
| Dimensions | 26 cm . |
| 505 ## - FORMATTED CONTENTS NOTE | |
| Formatted contents note | I <br/><br/> |
| 520 ## - SUMMARY, ETC. | |
| Summary, etc. | A series of rhymes about animals introduces counting and grouping numbers, as well as examples of such behaviors as cooperation, friendship, and appreciation. |
| 521 8# - TARGET AUDIENCE NOTE | |
| Target audience note | 450 <br/> |
| Source | Lexile estimate <br/> |
| 521 8# - TARGET AUDIENCE NOTE | |
| Target audience note | I <br/> |
| Source | Raz-Plus <br/> |
| 650 ## - SUBJECT ADDED ENTRY--TOPICAL TERM | |
| Topical term or geographic name entry element | Problem solving |
| Form subdivision | Picture Books |
| 650 ## - SUBJECT ADDED ENTRY--TOPICAL TERM | |
| Topical term or geographic name entry element | Stories in rhyme |
| Form subdivision | Picture Books |
| 700 ## - ADDED ENTRY--PERSONAL NAME | |
| Personal name | Cahoon ,Heather |
| Relator term | Illustrator |
| 942 ## - ADDED ENTRY ELEMENTS (KOHA) | |
| Source of classification or shelving scheme | Dewey Decimal Classification |
| Koha item type | Books |
| Suppress in OPAC | No |
| Withdrawn status | Lost status | Source of classification or shelving scheme | Damaged status | Not for loan | Collection | Home library | Current library | Shelving location | Date acquired | Total Checkouts | Full call number | Barcode | Date last seen | Copy number | Price effective from | Koha item type |
|---|---|---|---|---|---|---|---|---|---|---|---|---|---|---|---|---|
| Dewey Decimal Classification | Juvenile Fiction | Footprints International School Library Network Toul Tom Poung Campus | Footprints International School Library Network Toul Tom Poung Campus | TTP Primary Dark Blue Bookshelves | 09/08/2025 | TAN 513.211 QA113 .T355 | FISBK01874 | 09/08/2025 | 1 | 09/08/2025 | Books | |||||
| Dewey Decimal Classification | Juvenile Fiction | Footprints International School Library Network Toul Tom Poung Campus | Footprints International School Library Network Toul Tom Poung Campus | TTP Primary Dark Blue Bookshelves | 09/09/2025 | TAN 513.211 QA113 .T355 | FISBK01875 | 09/09/2025 | 2 | 09/09/2025 | Books |
